000 00458nam a2200193Ia 4500
003 OSt
005 20251201155256.0
008 250729s1996 xx 000 0 und d
040 _cAL
041 _aeng
082 _a574.2 VIJP
100 _aVijayalakshmi K
_9225305
245 _aPlants in pest control persian lilac
260 _aChennai
_c1996
300 _a30p
650 _aBiology
_9225306
700 _aSubhashini B
_9225307
942 _2ddc
_cBED
999 _c236847
_d236847